| 000 | 01034nam a2200337Ia 4500 | ||
|---|---|---|---|
| 001 | Z_7011 | ||
| 003 | CHAP | ||
| 008 | 220113s9999 xx 000 0 und d | ||
| 010 | _a170283 | ||
| 020 | _a0-7216-5202-6 | ||
| 040 | _cCHAP | ||
| 082 | _a636.089075 S63 | ||
| 245 |
_aSmall animal clinical diagnosis by laboratory methods / _c[editores] Michael D. Willard, Harold Tvedten y Grant H. Turnwald |
||
| 250 | _a2a ed. | ||
| 260 |
_aEstados Unidos de América : _bSaunders Company, _c |
||
| 300 | _a377 p. | ||
| 503 | _aej.1: 179232 | ||
| 504 | _aIncluye bibliografía | ||
| 650 |
_aGatos _x _x Enfermedades _x _x Diagnóstico _9146555 |
||
| 650 |
_aPatología clínica veterinaria _9146556 |
||
| 650 |
_aPerros _x _x Enfermedades _x _x Diagnóstico _9146557 |
||
| 700 |
_a Turnwald, Grant H., ed. _9146558 |
||
| 700 |
_a Tvedten, Harold, ed. _9146559 |
||
| 700 |
_aWillard, Michael D., ed. _9146560 |
||
| 901 | _a636.089075 S63 | ||
| 902 | _aM | ||
| 910 | _a | ||
| 942 | _c1 | ||
| 942 | _cc1 | ||
| 999 |
_c170283 _d170283 |
||